000 00380nam a2200181Ia 4500
008 210210b1950 xxu||||| |||| 00| 0 eng d
041 _aeng
082 _a320/651
100 _a-
245 _aOn the red trail
260 _a
_bNot Mentioned
_c1950
650 _atrail
650 _athe
650 _ared
650 _aOn
690 _aPolitical Science
906 _a003283
999 _c118633
_d118633